| 000 | 00527nam a22002057a 4500 | ||
|---|---|---|---|
| 999 |
_c2714 _d2714 |
||
| 003 | URS | ||
| 005 | 20220114142241.0 | ||
| 008 | 200102s2000 a|||| |||| 00| 0 eng d | ||
| 020 | _a981240015X | ||
| 040 |
_cURS _beng _drda |
||
| 050 | 1 | 4 |
_aGV1015.55 _b.D925 2000 |
| 100 | _aDunphy, Mary | ||
| 245 | 1 | 0 |
_aVolleyball today _cMary Dunphy, Rod Wilde. |
| 250 | _aSecond edition | ||
| 260 | _c[2000] | ||
| 300 |
_a230 pages: _bwith illustrations; _c26 cm. |
||
| 504 | _aIncludes index. | ||
| 700 | _aWilde, Rod | ||
| 942 |
_2lcc _cFR |
||